<?xml version="1.0" encoding="UTF-8"?>
<marc:record xmlns:marc="http://www.loc.gov/MARC21/slim">
   <marc:leader>00000nam a2200000 a 4500</marc:leader>
   <marc:datafield ind1=" " ind2=" " tag="653">
      <marc:subfield code="a">Zähne</marc:subfield>
   </marc:datafield>
   <marc:datafield ind1="0" ind2="0" tag="245">
      <marc:subfield code="a">Leo Lausemaus will sich nicht die Zähne putzen</marc:subfield>
   </marc:datafield>
   <marc:datafield ind1=" " ind2="1" tag="264">
      <marc:subfield code="a">Köln</marc:subfield>
      <marc:subfield code="b">Lingen Verlag</marc:subfield>
      <marc:subfield code="c">2022</marc:subfield>
   </marc:datafield>
   <marc:datafield ind1="1" ind2=" " tag="520">
      <marc:subfield code="a">In dieser Geschichte geht Leo Lausemaus zum allerersten Mal zum Zahnarzt. Wie schön, seine Zähnchen sind gesund! Und damit das auch so bleibt, lernt er, wie wichtig gründliches Zähneputzen und gesunde Ernährung für die kleinen Mausezähnchen sind &#x96; denn was die Zahnpflege angeht, ist Leo leider nicht immer ganz gründlich</marc:subfield>
   </marc:datafield>
   <marc:datafield ind1=" " ind2=" " tag="020">
      <marc:subfield code="a">9783938323182</marc:subfield>
      <marc:subfield code="9">9783938323182</marc:subfield>
   </marc:datafield>
   <marc:datafield ind1=" " ind2=" " tag="020">
      <marc:subfield code="a">3938323183</marc:subfield>
      <marc:subfield code="9">3938323183</marc:subfield>
   </marc:datafield>
   <marc:datafield ind1=" " ind2=" " tag="300">
      <marc:subfield code="a">Mit 13 gez Bl.: Mit Illustr. von Marco Campanella.</marc:subfield>
   </marc:datafield>
</marc:record>
